000 00659nam a2200217 i 4500
001 30900
003 ES-MaACL
005 20250824211721.0
007 t|
008 030127s1966 sp ||||1| spa d
100 1 _aBazin, André.
_926745
245 1 1 _a¿Qué es el cine? /
_cAndré Bazin ; [versión, José Luis López Muñoz].
260 _aMadrid :
_bRialp,
_c[1966]
300 _a600 p., 16 lám. ;
_c22 cm.
490 1 _aLibros de cine Rialp ;
_v5
650 0 7 _aCine
_2embne
_911010
700 1 _aLópez Muñoz, José Luis.
_973816
830 1 0 _aLibros de cine Rialp
_v5
_9181163
852 _aES-MaACL
_jC-29372
999 _c30900
_d30900